El discreto encanto de las partículas elementales
שמור ב:
| מחבר ראשי: | |
|---|---|
| פורמט: | ספר |
| שפה: | ספרדית |
| יצא לאור: |
Ciudad de México
Fondo de Cultura Económica
1988
|
| סדרה: | La ciencia desde México
|
| נושאים: | |
| תגים: |
הוספת תג
אין תגיות, היה/י הראשונ/ה לתייג את הרשומה!
|
MARC
| LEADER | 00000nam a2200000 a 4500 | ||
|---|---|---|---|
| 001 | UCX6245 | ||
| 003 | CL-VaPUC | ||
| 008 | 930506e19880000MX |||||||||||||||||spa|d | ||
| 082 | 0 | 4 | |a 539.72 |b MEN |2 21 |
| 100 | |a Menchaca Rocha, Arturo |e autor |9 322683 | ||
| 245 | 1 | 3 | |a El discreto encanto de las partículas elementales |
| 300 | |a 127 p | ||
| 942 | |c BK | ||
| 945 | |d 19930506 00:00:00 | ||
| 260 | |a Ciudad de México |b Fondo de Cultura Económica |c 1988 | ||
| 650 | 7 | |a PARTICULAS FISICA NUCLEAR |2 CL-VaPUC |9 316637 | |
| 650 | 0 | |a Historia |9 255047 | |
| 583 | |a last modification |c 19930506 00:00:00 |k Rodrigo Vera | ||
| 490 | 0 | |a La ciencia desde México | |
| 999 | |c 226300 |d 226298 | ||
| 952 | |0 0 |1 0 |4 0 |6 539_720000000000000_MEN_1988 |7 0 |8 A |9 224560 |a BIBCUR |b BIBCUR |d 2019-11-15 |i 2933063 |o 539.72 MEN 1988 |p 2933063 |r 2025-04-22 |w 2019-11-15 |y BK |k FIS | ||